000 00559nam a2200181Ia 4500
003 GCL
008 140319s9999 xx 000 0 ara d
040 _aGCL /
_cGCL
082 0 4 _a953.076
_bا ا
100 1 _aاديب السيد
245 1 0 _aارمينية فى التاريخ العربى /
_cاديب السيد
260 _a[S.N] :
_bE.M.M.E ،
_c1972
300 _a314 ص
490 _aالهيئة العامة للاستعلامات
_v0
650 0 4 _aالتاريخ الاسلامى
650 0 4 _aارمينيا - تاريخ
942 _2ddc
_cBK
999 _c57642
_d57642